| 000 | 00458nam a2200157 i 4500 | ||
|---|---|---|---|
| 001 | 104746 | ||
| 003 | ES-MaACL | ||
| 005 | 20230906183658.0 | ||
| 007 | t| | ||
| 008 | 051212s1960 sp ||||1| cat d | ||
| 100 | 1 |
_aMiracle, Josep. _981471 |
|
| 245 | 1 | 3 |
_aLa restauració dels Jocs Florals Premi Francess Matheu... / _cJosé Miracle. |
| 260 |
_aBarcelona : _bAyma, _c1960. |
||
| 300 |
_a352 p., 9 lám. ; _c19 cm. |
||
| 852 |
_aES-MaACL _jC-18704 _bR.46487 |
||
| 999 |
_c104746 _d104746 |
||